Statistics for 100 Most Influential People of all Time

Click here to take the quiz!

General Stats

  • This quiz has been taken 1,954 times
  • The average score is 49 of 100

Answer Stats

RankHintPerson% Correct
1ReligionJesus Christ
99%
6ReligionMuhammad
93%
16LeaderAdolf Hitler
92%
2Science/Math/InventionAlbert Einstein
90%
63LeaderJoseph Stalin
88%
19LeaderGeorge Washington
86%
3Science/Math/InventionIssac Newton
86%
4Art/LiteratureLeonardo da Vinci
85%
39ExplorerChristopher Columbus
82%
15LeaderAbraham Lincoln
81%
8PhilosophyPlato
80%
5PhilosophyAristotle
77%
18ReligionGautama Buddha
77%
44LeaderWinston Churchill
77%
11PhilosophySocrates
76%
45LeaderVladimir Lenin
76%
13LeaderMahatma Gandhi
75%
12Art/LiteratureWilliam Shakespeare
73%
21LeaderJulius Caesar
72%
27Science/Math/InventionThomas Edison
70%
14LeaderMartin Luther King Jr.
69%
93LeaderTheodore Roosevelt
69%
23LeaderNapoleon Bonaparte
67%
32LeaderThomas Jefferson
67%
83LeaderMao Zedong
66%
42LeaderJohn f. Kennedy
65%
75LeaderFranklin D. Roosevelt
64%
20PhilosophyKarl Marx
64%
24ReligionMartin Luther
64%
90LeaderElizabeth I of England
63%
36Art/LiteratureMichelangelo
63%
9LeaderAlexander the Great
62%
7Science/Math/InventionGalileo Galilei
60%
10Science/Math/InventionCharles Darwin
57%
30Science/Math/InventionMarie Curie
57%
22Science/Math/InventionNikola Tesla
56%
31Art/LiteratureLudwig van Beethoven
55%
29Art/LiteratureWolfgang Amadeus Mozart
55%
41PhilosophyConfucius
54%
26LeaderGenghis Khan
54%
71Art/LiteratureAnne Frank
53%
100LeaderAugustus Octavian
52%
91LeaderQueen Victoria
51%
33Science/Math/InventionBenjamin Franklin
50%
17ReligionMoses
50%
28LeaderNelson Mandela
48%
68Art/LiteratureVincent van Gogh
48%
78Art/LiteratureCharles Dickens
47%
96PhilosophyAdam Smith
46%
43LeaderCharlemagne
46%
51Art/LiteratureJohann Sebastian Bach
46%
49Science/Math/InventionAlexander Graham Bell
45%
95ExplorerFerdinand Magellan
45%
48Science/Math/InventionNicolaus Copernicus
45%
62Science/Math/InventionSigmund Freud
45%
34Art/LiteratureHomer
44%
72PhilosophyRené Descartes
43%
38Science/Math/InventionHenry Ford
42%
25Science/Math/InventionJohannes Gutenberg
42%
35Science/Math/InventionPythagoras
41%
47Science/Math/InventionArchimedes
40%
73PhilosophyImmanuel Kant
40%
46Science/Math/InventionWright Brothers
40%
61ExplorerMarco Polo
39%
52Science/Math/InventionLouis Pasteur
37%
84Science/Math/InventionAlexander Fleming
36%
64PhilosophyVoltaire
36%
82Science/Math/InventionEuclid
34%
37Science/Math/InventionBill Gates
33%
94Art/LiteratureMark Twain
32%
55LeaderOtto von Bismarck
32%
56ReligionMother Theresa
31%
69Science/Math/InventionSteve Jobs
31%
67PhilosophyFreidrich Nietzsche
30%
81LeaderPeter the Great
30%
89Art/LiteratureRembrandt
30%
65Art/LiteratureDante Alighieri
29%
86Science/Math/InventionNeil Armstrong
29%
60ReligionSt. Joan of Arc
29%
76Science/Math/InventionGregor Mendel
27%
59Science/Math/InventionJohannes Kepler
26%
57Science/Math/InventionAlan Turing
25%
88PhilosophyNiccolo Machiavelli
25%
53Art/LiteratureWalt Disney
25%
92Science/Math/InventionAlfred Nobel
24%
70PhilosophySun Tzu
23%
58Art/LiteratureGeorge Orwell
21%
54Art/LiteratureCharlie Chaplin
20%
79Art/LiteratureHerodotus
20%
50Science/Math/InventionHippocrates
20%
98LeaderAttila the Hun
19%
99Art/LiteratureOscar Wilde
19%
66Art/LiteratureJ. R. R. Tolkien
18%
40ReligionPaul the Apostle
18%
97Art/LiteratureFranz Kafka
17%
80ReligionPope Francis
17%
85Science/Math/InventionPtolemy
17%
74Art/LiteratureSophocles
17%
77Science/Math/InventionWernher von Braun
17%
87LeaderSitting Bull
14%

Score Distribution

Percentile by Number Answered

Percent of People with Each Score

Your Score History

You have not taken this quiz